| 000 | 00362 a2200157 4500 | ||
|---|---|---|---|
| 003 | Nust | ||
| 005 | 20170207153534.0 | ||
| 040 | _cNust | ||
| 082 | _a891.439 | ||
| 100 | _aKhan, Mohammad | ||
| 245 |
_aBeSlamet Ravi _c Col ; Mohammad Khan |
||
| 260 |
_aLahore _bAl Fasil Nashran |
||
| 300 | _a335:p | ||
| 538 | _aAlmirah No.66 Shelf No.6 | ||
| 650 | _aurdu Literature | ||
| 942 |
_2ddc _cBK |
||
| 999 |
_c188116 _d188116 |
||